00986nam a2200265 a 450000100060000000300080000600500170001400800410003103500190007203500120009104000270010304100080013008200270013824501700016526000450033530000240038049000330040450500100043765000350044770000270048283000410050994200120055099900170056295201410057968574BD-RjUL20211209081804.0170403s1949 enkao 000 0 eng d a(BD-RjUL)68784 a2932649 aANLbengcANLdBD-RjUL aeng 223a615.7922bANT 194900aAntibiotics :bA survey of penicillin, streptomycin, and other antimicrobial substances from fungi, actinomycetes, bacteria, and plants /cH. W. Florey ... [et. al.] aLondon :bOxford University Press,c1949 aV. :bill. ;c25 cm aOxford medical publications. aVol.1 aAnti-bacterial agents.9203252 aFlorey, H. W. 9203253 aOxford medical publications.9210110 2ddccBK c68574d68574 00102ddc40718NFICaRUCLbRUCLcReadingd1962-05-21eColombo Planl0o615.7922 ANT V-1 1949r2017-04-03 00:00:00tC-1w2021-12-09yBK